| 000 | 00874nam0a22002411 4500 | ||
|---|---|---|---|
| 001 | rc\2632442 | ||
| 005 | 20260407013621.0 | ||
| 035 | _a(NLR Aleph) 006795861 | ||
| 090 |
_a6192218 _c6192218 |
||
| 100 | _a20110914d1932 |||y0rusy50 ca | ||
| 101 | 0 | _arus | |
| 102 | _aRU | ||
| 105 | _ay b ||||| | ||
| 200 | 1 |
_aКраткий каталог _fНаркомснаб Р.С.Ф.С.Р. Гос. объединение розничной торговли. Директорат посылочной торговли Горт |
|
| 210 |
_aМосква _cтип. "Труд и творчество" _d[1932] |
||
| 215 |
_a31 с. _d16 см. |
||
| 710 | 0 | 2 |
_a"ГОРТ РСФСР", объединение _cМосква _9500575 _3RU\NLR\AUTH\8810001691 |
| 801 | 0 |
_aRU _bNLR _gpsbo |
|
| 801 | 1 |
_aRU _bELAR _2rusmarc |
|
| 852 |
_aNLR _j33-9/2293 |
||
| 942 | _cBOOK | ||
| 980 | _aNB | ||